| 000 | 00340nam a22001217a 4500 | ||
|---|---|---|---|
| 008 | 140320t xxu||||| |||| 00| 0 eng d | ||
| 020 | _a0-7386-0072-5 | ||
| 100 |
_aThomas E. Smith, Ph.d. _9798 |
||
| 240 | _athe best est preparation for GRE | ||
| 245 | _aGRE Biochemistry, Cell and molecular biology test | ||
| 300 | _a346 p. | ||
| 942 |
_2ddc _cBK |
||
| 999 |
_c17049 _d17049 |
||